| 000 | 00697nam a22002417a 4500 | ||
|---|---|---|---|
| 003 | DO-SdBNP | ||
| 005 | 20240301124514.0 | ||
| 007 | ta | ||
| 008 | 221104b2018 dr a|||| |||| 00| 0 spa d | ||
| 040 |
_aDO-SdBNP _bspa _cBNPHU |
||
| 082 | 4 | _222 | |
| 100 | 1 |
_aCoronado, Manuel _971688 |
|
| 245 | 1 | 0 |
_aNociones de derecho comercial / _cManiuel Coronado ; editor Lennys Tejada Betancourt |
| 250 | _a2a ed. | ||
| 260 |
_aSanto Domingo : _bUAPA, _c2018. |
||
| 300 |
_a372 p. : _bil. ; _c27 cm. |
||
| 490 | 1 |
_aAutoaprendizaje _v4 |
|
| 590 | _aInventariado, 2022/BT | ||
| 700 | 1 |
_aTejada Betancourt, Lennys, _eed. _979591 |
|
| 830 | 0 |
_aAutoaprendizaje _91208 |
|
| 910 | _aBtavárez | ||
| 942 |
_2ddc _cLBS1 |
||
| 999 |
_c52798 _d52798 |
||